日本の野菜収穫量ランキングTop30 - Statistics

General Stats
  • This quiz has been taken 36 times
  • The average score is 22 of 30
Answer Stats
順位 野菜 % Correct
2 キャベツ
100%
9 レタス
100%
1 じゃがいも
97%
6 さつまいも
97%
7 トマト
97%
3 たまねぎ
94%
8 にんじん
94%
11 ねぎ
94%
12 なす
94%
4 だいこん
91%
14 ほうれん草
91%
19 ピーマン
88%
21 小松菜
82%
17 かぼちゃ
79%
20 さといも
79%
10 きゅうり
76%
15 ブロッコリー
74%
5 はくさい
71%
22 ごぼう
71%
28 れんこん
71%
25 かぶ
65%
23 しめじ
56%
26 しいたけ
56%
30 にら
53%
27 枝豆
44%
29 まいたけ
44%
24 えのき
41%
18 ミニトマト
29%
13 スイートコーン
12%
16 やまのいも
9%
No matching quizzes found
Score Distribution
Percent of People with Each Score
Percentile by Number Answered
Your Score History
You have not taken this quiz